NowellNetWare 5 - podrobná příručka

Salvato in:
Dettagli Bibliografici
Autore principale: Přichystal, Oldřich (Autore)
Natura: Libro
Lingua:ceco
Pubblicazione: Praha : Computer Press, 1999
Serie:Sítě a komunikace
Tags: Aggiungi Tag
Nessun Tag, puoi essere il primo ad aggiungerne!!

MARC

LEADER 00000nam a22000003a 4500
001 stu49596
005 20150617225709.1
008 990507s1999------------------------cze-d
020 |a 80-7226-148-7 
040 |a STU  |b slo 
041 0 |a cze 
080 |a 681.3.06 
100 1 |a Přichystal, Oldřich  |4 aut 
245 1 |a NowellNetWare 5 - podrobná příručka 
260 |a Praha :  |b Computer Press,  |c 1999 
300 |a 616 s 
500 |a Tab.,register 
830 0 |a Sítě a komunikace 
996 |b C95775  |c C*95775  |l CCXXXIV  |s P  |a 0  |w stu49596_0001